[Event "Amsterdam Batavia Grolsch 4th"]
[Site "Amsterdam"]
[Date "2012.02.28"]
[Round "5"]
[White "Illner, Achim"]
[Black "Bosboom, Manuel"]
[Result "1-0"]
[WhiteElo "2375"]
[BlackElo "2394"]
[PlyCount "66"]
[EventDate "2012.02.24"]
[EventType "tourn"]
[EventRounds "9"]
[EventCountry "NED"]
[EventCategory "8"]
[SourceTitle "CBM 147 Extra"]
[Source "ChessBase"]
[SourceDate "2012.04.24"]
[SourceVersion "1"]
[SourceVersionDate "2012.04.24"]
[SourceQuality "1"]

1. d4 Nf6 2. Nf3 g6 3. c4 Bg7 4. Nc3 0-0 5. e4 d6 6. Be2 Nbd7 7. 0-0 e5 8. Be3 exd4 9. Nxd4 c6 10. Qd2 Re8 11. f3 a5 12. Rad1 a4 13. Nc2 Re6 14. Rfe1 Qa5 15. b4 axb3 16. axb3 Qc7 17. b4 Bf8 18. Ra1 Rxa1 19. Rxa1 Re8 20. Bd4 Nh5 21. f4 Ng7 22. Bf3 Nb6 23. Qd3 h5 24. g3 Bh3 25. Nd1 d5 26. cxd5 cxd5 27. Nf2 dxe4 28. Nxe4 Nd7 29. Ne3 Bf5 30. Rd1 Bxe4 31. Bxe4 Nb6 32. Bf3 Bxb4 33. Qb5 Ne6 1-0